1896 1060 1098 1392 1423 1094 1600 1126 1372 1810 1237 1870 1055 1095 1338 1704 1258 1637 1005 1792 1270 1378 1225 1319 1496 1984 1791 1194 1412 1840 1187 1985 1308 1804 1650 1743 1481 1791 1624 1305 1238 1855 1142 1876 1339 1304 1259 1973 1910 1882 1370 1480 1745 1559 1380 1489 1153 1647 1392 1850 1238 1257 1443 1065 1004 1913 1571 1227 1664 1684 1650 1662 1516 1098 1831 1640 1103 1567 1126 1900 1579 1506 1204 1466 1519 1912 1323 1973 1883 1748 1019 1783 1285 1669 1981 1541 1380 1710 1780 BCNSPRNW ULIB Ver.6.0+V

เปลี่ยนเป็นภาษาไทย

Change to English
 แสดงรายละเอียดบรรณานุกรม
  กลับหน้าหลัก

Brief Record : Get Marc (ISO 2709) : E-mail record : QR code < ปิดหน้าต่าง
LEADER : 00000nam 2200000uu 4500
001    13399125115
003     ULIB
008    020711s2550 th a 000 0 tha d
020    9789749899274
090    นว.^bย731ค
100    โยโคมิโซะ เซชิ
245    คินดะอิจิยอดนักสืบ ตอนที่8 : อย่าออกมาเดินตอนกลางคืน/^cโยโคมิโซะ เซชิ
260    กรุงเทพมหานคร :^bJBOOK,^c2550
300    232 หน้า
945    ^p190^l0^i022062
999    ^aทศพร
รายการนี้ยังไม่มีแท็ก
คุณยังไม่ได้ล็อกอิน คุณสามารถมีกิจกรรมร่วมกับเว็บไซต์ได้ แต่ต้องล็อกอินก่อน ::
  ล็อกอิน

รายการสื่อสารสนเทศ

ลำดับที่ ประเภท เลขเรียก/บาร์โค้ด สถานที่ สถานะ
1. นวนิยาย
นวนิยาย
นว. ย731ค ฉ.1 
  Barcode: 022062
ห้องสมุดวิทยาเขตสวรรค์ประชารักษ์
►หนังสือทั่วไป
บนชั้น

รายการใกล้เคียง
    ผู้แต่ง [โยโคมิโซะ เซชิ]

BibComment


ยังไม่เคยถูกคอมเมนท์

คอมเมนท์ทรัพยากรรายการนี้
  คอมเมนท์: คินดะอิจิยอดนักสื..


 Copyright 2026. Bcnsprnw @Library